| 000 | 00000nam##2200000za#4500 |
| 001 | 9.602565 |
| 003 | CaOODSP |
| 005 | 20230801131716 |
| 007 | cr ||||||||||| |
| 008 | 150406|2009||||xxc|||||o f|0| 0 fre|d |
| 040 | |aCaOODSP|bfre |
| 043 | |an-cn--- |
| 086 | 1 |aPS83-5/R202F-PDF |
| 110 | 2 |aService correctionnel Canada. |bDirection de la recherche. |
| 245 | 13|aLe Programme d'intervention pour délinquantes toxicomanes et la réinsertion sociale / |h[ressource électronique]|cpréparé par Flora Matheson & Sherri Doherty. |
| 260 | |bService correctionnel Canada. |cNovembre 2009. |
| 300 | |a1p. |
| 490 | 1 |aRecherche en un coup d'oeil|vR202 |
| 500 | |aPour le Rapport de recherche associé, veuillez consulter le n° de catalogue PS83-3/202F-PDF. |
| 504 | |aBibliographie. |
| 590 | |a11-27-Supp|b2011-11-15 |
| 720 | 1 |aMatheson, Flora I. |
| 720 | 1 |aDoherty, Sherri |
| 775 | 08|tWomen offender substance abuse programming & community reintegration / |w(CaOODSP)9.572153 |
| 830 | #0|aRecherche en un coup d'œil (Service correctionnel Canada)|vR202|w(CaOODSP)9.503037 |
| 856 | 40|ahttp://publications.gc.ca|qPDF|s98 Ko|uhttps://publications.gc.ca/collections/collection_2011/scc-csc/PS83-5-R202-fra.pdf|yR202 |